000 00549nam a2200229Ia 4500
003 OSt
005 20231005142547.0
008 210210b1988 xxu||||| |||| 00| 0 eng d
020 _a0 7069 5640 7
040 _cAL
041 _aEnglish
082 _a346.07 KUCM
100 _aKUCHHAL (M C).
_9136234
245 _aMercantile law.
250 _a3
260 _aND
_bVikas publishing house pvt ltd
_c1988
300 _axxx,613
650 _aMercantile law
_9136235
690 _aMercantile Law
_9136236
906 _a043680
942 _2ddc
_cBK
999 _c93430
_d93430